Pariswalks /

Saved in:
Bibliographic Details
Main Author: Landes, Alison, 1953-
Other Authors: Landes, Sonia, 1925-, Peretz, Anne., Landes, Sonia, 1925-2013.
Format: Book
Language:English
Published: New York : Holt, Rinehart, and Winston, 1982.
Edition:3rd ed.
Subjects:
Tags: Add Tag
No Tags, Be the first to tag this record!
LEADER 00982pam a2200337 a 4500
001 001040746-4
005 20020606090541.3
008 810421s1982 nyua 00110 eng
010 |a  81047475  
020 |a 0030597471 :  |c $15.95 
020 |a 0030600766 (pbk.) :  |c $8.95 
035 0 |a ocm07460675 
040 |a DLC  |c DLC 
043 |a e-fr--- 
050 0 0 |a DC707  |b .L28 1982 
100 1 |a Landes, Alison,  |d 1953- 
245 1 0 |a Pariswalks /  |c Alison & Sonia Landes ; photographs by Anne Peretz. 
250 |a 3rd ed. 
260 0 |a New York :  |b Holt, Rinehart, and Winston,  |c 1982. 
300 |a 241 p. :  |b ill. ;  |c 24 cm. 
500 |a "A New republic book." 
500 |a Includes index. 
651 0 |a Paris (France)  |x Tours. 
650 0 |a Walking  |z France  |z Paris  |v Guidebooks. 
655 7 |a Guidebooks.  |2 fast 
655 7 |a Tours.  |2 fast 
700 1 |a Landes, Sonia,  |d 1925- 
700 1 |a Peretz, Anne. 
700 1 |a Landes, Sonia,  |d 1925-2013. 
988 |a 20020608 
906 |0 DLC